Копия приказа Петра I о розыске Гришки Васильева, сына Талецкого, бежавшего из Москвы, который, вопреки закону, занимался продаж...

RUSMARC
00005282cmc2a2200000#x 450
0010859bc31-4453-4328-8b83-6d76f5e4445c
00520220408134001.0
100##$a20151127l18801944k l0rusy0189 ca
1010#$arus
102##$aRU
2001#$aКопия приказа Петра I о розыске Гришки Васильева, сына Талецкого, бежавшего из Москвы, который, вопреки закону, занимался продажей печатных и писанных книг, от 10 августа 1700 г.
$j[1880-1944]
251##$cДело
300##$aРукописный текст. Чернила
801#0$aRU
$bРГИА
$c20151127
801#1$aRU
$bГлавНИВЦ
$c20151127
$2rusmarc
801#2$aRU
$bПБ им. Б.Н. Ельцина
$c20160916
$gRCR
$2rusmarc
850##$aФедеральное казенное учреждение "Российский государственный исторический архив"
852##$aРГИА
$j35
937##$hРГИА
$d12185841
$aASBIBLIO_SCAN
462#0$100151f6c758-463f-4970-8d34-db4eb87adc97
$12001
$aАрхив Ивана Афанасьевича Бычкова. 17 в. - 1917 г.
$vД. 35
$1251
$cОпись
$1852
$j1
461#0$1001bcf64f48-f592-421d-83af-1dbdd9722111
$12001
$aБычков Иван Афанасьевич (1858-1944), археограф, заведующий Рукописным отделением Государственной Публичной библиотеки им. Салтыкова-Щедрина
$1251
$cФонд
$1852
$j906
215##$a1 лист
$d36,5х26 см
371##$aДокумент не является опубликованным и широко распространяемым
105##$ay###
1220#$ad17000810##
1222#$ad1880######
$ad1944######
035##$a0859bc31-4453-4328-8b83-6d76f5e4445c
856##$uhttp://readingroom.main.prlib.ru/item.aspx?id_node=n85764594&mode=full
6061#$2nlr_sh
$3RU\NLR\AUTH\6601668712
$aПреступники
$xРозыск
$yРоссия
$jАрхивные дела
605##$2acquisition_Prlib
$3DITM\AF\0000002775
$aВласть
$lколлекция
605##$2acquisition_Prlib
$3DITM\AF\0000003834
$aНарод
$lколлекция
605##$2acquisition_Prlib
$3LIBNET\UAF\0000099837
$aПетр I (1672–1725)
$lколлекция
605##$aДом Романовых
$lколлекция
$2acquisition_Prlib
$3LIBNET\UAF\0000008152
686##$a63.3(2)511-36ю11
$vLBC/M
$2rubbk
Формат отображения